00944nam a22002297a 4500999001700000003000900017008004100026040007100067082002400138100002300162245002300185260004200208300002800250440003600278505018500314650002400499650001900523700003800542942001600580945002000596952009800616 c17102d17102AR-CdUCM190507b ||||| |||| 00| 0 spa d aMUNICIPALIDAD PROVINCIAL DEL CUSCOcBIBLIOTECA MUNICIPAL DEL CUSCO 23ed.a891.32 /bD77 aDostoievski, Fedor aEl eterno marido / aBuenos Aires :bLibr. Machete,c1945. a207 páginas ;c17 cm. aBiblioteca de bolsillo ;936947 aContenido: El señor de la gasa negra -- Pavel Pavlovitch Trusotsky -- La mujer, el marido y el amante -- Nueva fantasía de un desocupado -- El marido y el amante se abrazan ... aNovelas rusas92132 aSiglo XIX9971 aBaeza, Ricardo (traductor)936948 2ddccLIBROS aacvd2019-05-07 002ddc4070aSHbSHcCARTd2019-05-07g20.00o891.32 / D77pSH0000012133r2019-05-07yLIBROS